[Event "AUTO-BEG-608"]
[Site "http://www.queenalice.com/game.php?id=1280430"]
[Date "2014.5.9"]
[Round "1"]
[White "ALDROB"]
[Black "Neybrick"]
[Result "1-0"]
[WhiteElo "1354"]
[BlackElo "1448"]

1. d4 d5 2. c4 e6 3. Nc3 Bb4 4. e3 Bxc3+ 5. bxc3 Ne7 6. g4 O-O 7. c5 b6 8. Bg2
Bb7 9. Ba3 Re8 10. Ne2 Ng6 11. O-O Qh4 12. h3 Nc6 13. Kh2 Na5 14. Ng1 Nc4 15.
Nf3 Qe7 16. Bc1 bxc5 17. Re1 Qd6+ 18. Kh1 f5 19. dxc5 Qxc5 20. Qd4 Qxd4 21. exd4
fxg4 22. hxg4 a5 23. Ng5 Bc8 24. Bxd5 Ra7 25. Bxc4 Nf8 26. Be3 Bb7+ 27. Kg1 Raa8
28. Rab1 Bc6 29. Red1 h6 30. Nh3 Be4 31. Rb2 Ng6 32. Nf4 Nh4 33. Nxe6 Nf3+ 34.
Kf1 Nh2+ 35. Ke2 Bf3+ 36. Ke1 Bxd1 37. Nxc7+ Kf8 38. Nxe8 Rxe8 39. Kxd1 Nxg4 40.
Bf4 g5 41. Bd6+ Kg7 42. Rb7+ Kf6 43. Rf7+ Kg6 44. Kd2 h5 45. Ra7 Nxf2 46. Bf7+
Kf6 47. Bxe8 Ne4+ 48. Kd3 Nxd6 49. Bxh5 Nf5 50. Rxa5 Ng7 51. Bg4 1-0

[Event "AUTO-BEG-608"]
[Site "http://www.queenalice.com/game.php?id=1280431"]
[Date "2014.5.9"]
[Round "1"]
[White "Neybrick"]
[Black "ALDROB"]
[Result "1-0"]
[WhiteElo "1200"]
[BlackElo "1449"]

1. e4 e5 2. Nf3 Nc6 3. Nc3 Nf6 4. Bc4 Bc5 5. O-O Nxe4 6. Nxe4 d5 7. Nxc5 dxc4 8.
Ne4 f6 9. d3 cxd3 10. cxd3 O-O 11. Qb3+ Kh8 12. h3 Re8 13. Be3 a5 14. a4 Nb4 15.
Rad1 Be6 16. Qc3 Ra6 17. Nc5 Rc6 18. Qd2 Qc8 19. Nxe6 Rexe6 20. Rc1 Rcd6 21. Ne1
e4 22. Bc5 Rc6 23. Bxb4 Rxc1 24. Qxc1 axb4 25. dxe4 Rxe4 26. Qc5 b6 27. Qd5 Re5
28. Qc4 c5 29. Nf3 Re7 30. Qb5 Re6 31. Rd1 Rc6 32. Qd3 h6 33. Qd8+ Qxd8 34.
Rxd8+ Kh7 35. Nd2 c4 36. Re8 c3 37. bxc3 bxc3 38. Nb3 c2 39. Re1 Rc3 40. Nc1 Kg6
41. Ne2 Rc4 42. Rc1 Kf7 43. Kf1 Ke6 44. Ke1 Rxa4 45. Rxc2 b5 46. Nc3 Rc4 47.
Re2+ 1-0

[Event "AUTO-INT-2853"]
[Site "http://www.queenalice.com/game.php?id=1281014"]
[Date "2014.5.11"]
[Round "1"]
[White "Neybrick"]
[Black "Leovitor"]
[Result "1/2-1/2"]
[WhiteElo "1376"]
[BlackElo "1503"]

1. e4 e6 2. d4 d5 3. e5 c5 4. c3 Nc6 5. Bb5 Bd7 6. Bxc6 Bxc6 7. a3 Qb6 8. b4
cxd4 9. Qxd4 Qxd4 10. cxd4 f6 11. f4 Be7 12. Nf3 Nh6 13. Nc3 Nf7 14. O-O O-O 15.
Bd2 fxe5 16. fxe5 b6 17. Rac1 a5 18. bxa5 bxa5 19. Ne2 Bb5 20. Rfe1 Bxe2 21.
Rxe2 Bxa3 22. Rc6 Rfc8 23. Rxe6 Re8 24. Rxe8+ 1/2-1/2

[Event "AUTO-INT-2853"]
[Site "http://www.queenalice.com/game.php?id=1281015"]
[Date "2014.5.11"]
[Round "1"]
[White "Leovitor"]
[Black "Neybrick"]
[Result "1/2-1/2"]
[WhiteElo "1503"]
[BlackElo "1397"]

1. e4 e5 2. Nf3 Nc6 3. d4 exd4 4. Nxd4 Qh4 5. Nc3 Bb4 6. Nxc6 Bxc3+ 7. bxc3
Qxe4+ 8. Qe2 Qxe2+ 9. Bxe2 dxc6 10. O-O Be6 11. Re1 O-O-O 12. Bb2 f6 13. Bf3 Bf5
14. Be4 Bxe4 15. Rxe4 Nh6 16. h3 Rd2 17. Rc1 Rhd8 18. Ree1 R2d7 19. Ba3 Nf7 20.
Be7 Rg8 21. Rcd1 Rxd1 22. Rxd1 Re8 23. Ba3 Re2 24. Rc1 Re5 25. Bf8 g6 26. Ba3
Ra5 27. Be7 1/2-1/2

[Event "AUTO-INT-2853"]
[Site "http://www.queenalice.com/game.php?id=1281016"]
[Date "2014.5.11"]
[Round "1"]
[White "Neybrick"]
[Black "Borsssoi"]
[Result "0-1"]
[WhiteElo "1367"]
[BlackElo "1562"]

1. e4 e6 2. d4 d5 3. e5 Ne7 4. Bg5 Bd7 5. a3 h6 6. Bxe7 Bxe7 7. Nf3 c6 8. c3 c5
9. Qb3 Qc7 10. Be2 cxd4 11. cxd4 Qc1+ 12. Bd1 Nc6 13. Qc3 Qxc3+ 14. Nxc3 O-O 15.
O-O Rac8 16. Ba4 g5 17. Rfd1 g4 18. Ne1 f5 19. f4 Kh8 20. Bxc6 Bxc6 21. Nd3 Rg8
22. g3 b5 0-1

[Event "AUTO-INT-2853"]
[Site "http://www.queenalice.com/game.php?id=1281017"]
[Date "2014.5.11"]
[Round "1"]
[White "Borsssoi"]
[Black "Neybrick"]
[Result "1-0"]
[WhiteElo "1553"]
[BlackElo "1389"]

1. f4 d5 2. Nf3 Bg4 3. Nd4 c5 4. h3 Bd7 5. Nf3 Nf6 6. b3 Qc7 7. e3 Ne4 8. h4 Ng3
9. Rh3 Bxh3 10. gxh3 Nxf1 11. Kxf1 Qd7 12. f5 Qxf5 13. Qe2 Qxh3+ 14. Qg2 Qxg2+
15. Kxg2 f6 16. Ba3 e5 17. Nc3 Nc6 18. Nb5 O-O-O 19. c4 e4 20. Nh2 a6 21. Nc3
dxc4 22. Nxe4 1-0

[Event "AUTO-INT-2853"]
[Site "http://www.queenalice.com/game.php?id=1281018"]
[Date "2014.5.11"]
[Round "1"]
[White "Neybrick"]
[Black "ALDROB"]
[Result "1-0"]
[WhiteElo "1362"]
[BlackElo "1390"]

1. e4 e5 2. d3 Nc6 3. Nc3 Bb4 4. Bd2 Ba5 5. Nf3 d6 6. Be2 Nge7 7. a3 O-O 8. O-O
f5 9. Ne1 f4 10. b4 Bb6 11. Nd5 Nxd5 12. exd5 Nd4 13. c3 Nxe2+ 14. Qxe2 Qg5 15.
Nf3 Qg6 16. a4 a5 17. b5 Bh3 18. Ne1 f3 19. Qe4 Qxg2+ 20. Nxg2 Bxg2 21. Rfe1 Rf6
22. h4 Raf8 23. Bg5 Rf4 24. Bxf4 Rxf4 25. Qxf4 exf4 26. Re4 c6 27. bxc6 bxc6 28.
dxc6 Bc7 29. Rxf4 d5 30. Rf5 Bd8 31. Rxd5 Bxh4 32. c7 Bh3 33. Rd8+ 1-0

[Event "AUTO-INT-2853"]
[Site "http://www.queenalice.com/game.php?id=1281019"]
[Date "2014.5.11"]
[Round "1"]
[White "ALDROB"]
[Black "Neybrick"]
[Result "1-0"]
[WhiteElo "1525"]
[BlackElo "1270"]

1. b4 d5 2. Bb2 Qd6 3. a3 e5 4. Nf3 e4 5. Nd4 a6 6. e3 Nf6 7. c4 c6 8. c5 Qc7 9.
Be2 Be7 10. O-O O-O 11. Nc3 Qe5 12. f4 exf3 13. Nxf3 Qh5 14. Na4 Qg6 15. Kh1 Bd8
16. Ne5 Qh6 17. Rf4 g5 18. Ng4 Nxg4 19. Rxg4 Bxg4 20. Bxg4 Bc7 21. h3 f5 22. Bh5
Nd7 23. g4 fxg4 24. Qxg4 Nf6 25. Bxf6 Qxf6 26. Rg1 Qe5 27. Qxg5+ Qxg5 28. Rxg5+
Kh8 29. Nc3 Rf2 30. Ne2 Raf8 31. Rg2 Rxg2 32. Kxg2 Rg8+ 33. Kf1 Rf8+ 34. Ke1 b6
35. d4 bxc5 36. dxc5 a5 37. Nd4 axb4 38. axb4 Rf6 39. Bg4 Be5 40. Kd2 Bxd4 41.
exd4 Rf2+ 42. Kc3 Rf6 43. Be2 1-0